Výnimky pri podávaní daňového priznania za rok 2014

Výnimky, kedy nie je potrebné podať daňové priznanie za rok 2014.

Gespeichert in:
Bibliographische Detailangaben
1. Verfasser: Válek, Juraj, 1981-
Format: Buchkapitel
Sprache:Slowakisch
Schlagworte:
Tags: Tag hinzufügen
Keine Tags, Fügen Sie das erste Tag hinzu!

MARC

LEADER 00000nla a2200000 4500
001 0199754
005 20240502073401.2
041 0 |a slo 
044 |a SK 
245 1 0 |a Výnimky pri podávaní daňového priznania za rok 2014  |c Juraj Válek 
520 |a Výnimky, kedy nie je potrebné podať daňové priznanie za rok 2014. 
610 2 0 |a priznania daňové 
610 2 0 |a dane z príjmov 
610 2 0 |a zdaňovanie 
100 1 |a Válek, Juraj, 1981-